000 00260nam a22001097a 4500
082 _a823
_bBLY/A
100 _aBLYTON, ENID
245 _aTHE ADVENTURES OF MR.PINK USHITLE
260 _aSINGAPORE
_bMAMMOTH
_c1992
650 _aENGLISH STORY
_zSINGAPORE
942 _cBK
999 _c7231
_d7231